|
|
|
|
| LEADER |
01374nam a2200301 a 4500 |
| 001 |
2580722 |
| 003 |
BD-DhAAL |
| 005 |
20260513180331.0 |
| 008 |
090628s1996 maua b 001 0 eng d |
| 010 |
|
|
|a \\\96035511
|
| 020 |
|
|
|a 0750622679
|
| 040 |
|
|
|a DLC
|c DLC
|d DLC
|d BD-DhAAL
|
| 082 |
0 |
0 |
|a 720.9
|2 20
|
| 100 |
1 |
|
|a Fletcher, Banister,
|c Sir,
|d 1866-1953.
|
| 240 |
1 |
0 |
|a History of architecture
|
| 245 |
0 |
0 |
|a Sir banister fletcher's a history of architecture.
|
| 250 |
|
|
|a 20th ed. /
|b edited by Dan Cruickshank ; consultant editors, Andrew Saint, Peter Blundell Jones, Kenneth Frampton ; assistant editor, Fleur Richards.
|
| 260 |
|
|
|a Oxford ;
|a Boston :
|b Architectural Press,
|c 1996.
|
| 300 |
|
|
|a xxxviii, 1794 pages :
|b illustrations ;
|c 26 cm.
|
| 504 |
|
|
|a Includes bibliographical references (p. 1671-1712) and index.
|
| 541 |
1 |
|
|e 00011782
|
| 650 |
|
0 |
|a Architecture
|x History.
|
| 700 |
1 |
|
|a Cruickshank, Dan.
|9 599
|
| 852 |
4 |
|
|a Ayesha Abed Library
|j General shelf
|
| 942 |
0 |
0 |
|0 1
|2 ddc
|c BK
|
| 999 |
|
|
|c 7592
|d 7592
|
| 952 |
|
|
|0 0
|1 0
|2 ddc
|4 0
|6 720_900000000000000_FLE_1996
|7 0
|9 8262
|a BRACUL
|b BRACUL
|c GEN
|d 2010-02-17
|l 7
|m 77
|o 720.9 FLE
|p 3010011782
|r 2019-05-21
|s 2018-05-16
|t 1
|w 2010-02-17
|y BK
|
| 952 |
|
|
|0 0
|1 0
|2 ddc
|4 0
|6 720_900000000000000_FLE
|7 0
|9 8263
|a BRACUL
|b BRACUL
|c GEN
|d 2010-02-17
|g 1527.00
|l 4
|m 36
|o 720.9 FLE
|p 3010012850
|r 2018-04-15
|s 2017-07-04
|t 2
|w 2010-02-17
|y BK
|x RS-1295.00
|